Psichologija techničeskogo myšlenija /

Enregistré dans:
Détails bibliographiques
Auteur principal: Kudrjavcev, T.V (Auteur)
Format: Livre
Langue:russe
Publié: Moskva : Pedagogika, 1975
Sujets:
Tags: Ajouter un tag
Pas de tags, Soyez le premier à ajouter un tag!

MARC

LEADER 00000nam a22000003a 4500
001 stu38366
005 20150617225725.4
008 921014s1975----xxr-----------------rus-d
040 |a STU  |b slo 
041 0 |a rus 
044 |a xxr 
080 |a 159.9 
080 |a 62 
100 1 |a Kudrjavcev, T.V  |4 aut 
245 1 |a Psichologija techničeskogo myšlenija /  |c [aut.]T.V. Kudrjavcev 
260 |a Moskva :  |b Pedagogika,  |c 1975 
300 |a 302 s 
650 7 |a technika  |2 stusub 
650 7 |a psychológia  |2 stusub 
996 |b 284M003419  |c M*4327-1  |l MMKN  |s A  |a 24  |w stu38366_0001